| 000 | 00753ntaaa2200193 4500 | ||
|---|---|---|---|
| 003 | 01 | ||
| 005 | 20251027202458.0 | ||
| 008 | 0714s1973 ag 01 | ||
| 040 |
_aAR-BaBN _bspa _cAR-BaBN _eaacr _dRIC |
||
| 082 | _a220.3000 B98 | ||
| 100 |
_aButtrick, George Arthur, ed. and otros _923728 |
||
| 245 | _aInterpreter's dictionary of the Bible | ||
| 250 | _a1 ed. | ||
| 260 |
_aNashville : _bAbingdon Press, _c19621976sup |
||
| 300 | _as/d4 volumes | ||
| 500 | _aAn illustrated encyclopedia. Identifying and explaining all proper names and significant terms and subjects in the Bible, including Apocrypha, with attention to archaeological discoveries and researches into the life and faith of ancient times. | ||
| 650 | _aBiblia-Diccionario | ||
| 942 | _cBK | ||
| 999 |
_c19815 _d19815 |
||